| 000 | 00724nam a2200229 a 4500 | ||
|---|---|---|---|
| 999 |
_c2316 _d2316 |
||
| 001 | 2316 | ||
| 003 | BD-JhCC | ||
| 005 | 20171101180440.0 | ||
| 008 | 171101s2009 bg a|||| |a|| 000 0 ben d | ||
| 020 | _a9847022010102 | ||
| 035 | _a(BD-JhCC)2316 | ||
| 040 |
_aBD-JhCC _dBD-JhCC |
||
| 041 | _aben | ||
| 082 |
_a500 _bKYM 2009 |
||
| 100 | _aকাইয়ুম, আব্দুল | ||
| 245 |
_aবিজ্ঞানের রাজ্য : _bকার্যকারণ / _cআব্দুল কাইয়ুম |
||
| 260 |
_aঢাকা : _bদি ইউনিভার্সিট প্রেস, _c২০০৯. |
||
| 300 |
_a106 p. : _bill. ; _c22 cm. |
||
| 650 | _aScience | ||
| 942 |
_2ddc _cBK |
||